000 00337nam a2200133Ia 4500
008 151001s9999||||xx |||||||||||||| ||und||
100 _aविभा रानी
245 _aअगले जनम मोहे
250 _a1
260 _bकिताबहार
260 _c2008
300 _a96
365 _b21
999 _c994319
_d994316